Score 0/12 Timer 02:00
0 Plays Today
Question Answer Wrong Answers
Hank Aaron MLB
84.2%
NBA
2.7%
NFL
5%
NHL
4.1%
Roberto Alomar MLB
82.5%
NBA
3.8%
NFL
3.8%
NHL
5.9%
Troy Aikman NFL
79.8%
MLB
7.8%
NBA
3.7%
NHL
4.7%
Ray Allen NBA
79%
MLB
6.6%
NFL
8.7%
NHL
2.1%
Luis Aparicio MLB
75.2%
NBA
5.4%
NFL
4.4%
NHL
10.6%
Daniel Alfredsson NHL
72%
MLB
11.4%
NBA
6.1%
NFL
6%
Tiny Archibald NBA
71%
MLB
11.1%
NFL
7.6%
NHL
6.2%
Marcus Allen NFL
66.6%
MLB
8.6%
NBA
16.2%
NHL
4.5%
Morten Andersen NFL
56.3%
MLB
13%
NBA
7.6%
NHL
18.3%
Sid Abel NHL
49.9%
MLB
22.4%
NBA
13%
NFL
10%
Barry Ashbee NHL
44.3%
MLB
26.3%
NBA
13.2%
NFL
11.3%
Paul Arizin NBA
39.9%
MLB
18.7%
NFL
9.5%
NHL
27.5%

Today's Daily Dose

Remove Ads.
Support Sporcle.
Get the best of Sporcle when you Go Orange. This ad-free experience offers more features, more stats, and more fun while also helping to support Sporcle. Thank you for becoming a member.

You're not logged in!

Compare scores with friends on all Sporcle quizzes.
OR
Log In

Show Comments

Extras

Top Quizzes Today


Score Distribution

Your Account Isn't Verified!

In order to create a playlist on Sporcle, you need to verify the email address you used during registration. Go to your Sporcle Settings to finish the process.

Report this User

Report this user for behavior that violates our Community Guidelines.

Details: